| 000 | 00737nam a2200205 a 4500 | ||
|---|---|---|---|
| 003 | 0 | ||
| 005 | 20250523144440.0 | ||
| 008 | 021128s19uu xx 00 eng d | ||
| 050 |
_aPGS LB 2844.1.S8 _b.K49 2001 |
||
| 100 | _aKim, Hae Ni. | ||
| 245 |
_aAttitude of selected grade six students towards substitute teachers / _cHae Ni Kim. |
||
| 260 |
_aLas PiƱas City, Philippines : _bSouthville International School and Colleges, _c2001. |
||
| 300 |
_a29 pages : _billustrations ; _c28 cm. |
||
| 504 | _aIncludes bibliographical references. | ||
| 650 | _aSubstitute teachers. | ||
| 650 | _aStudent attitudes. | ||
| 650 |
_aElementary school students _vAttitudes. |
||
| 650 | _aTeacher-student relationships. | ||
| 942 |
_2lcc _cPASS |
||
| 999 |
_c96434 _d96434 |
||